000 00700nam a22002057a 4500
999 _c20590
_d20590
003 AR-CdUCM
008 190531b ||||| |||| 00| 0 spa d
040 _aMUNICIPALIDAD PROVINCIAL DEL CUSCO
_cBIBLIOTECA MUNICIPAL DEL CUSCO
082 _a574.1919 /
_bF39
100 _aFerriz O, David
_943039
245 _aTeoría científica de a cosmobiologia :
_bActas de ciencias I /
260 _aLima :
_bPiaggio,
_c1976.
300 _a1056 páginas ;
_c23 cm
505 _aContenido : Asistencia social -- Investigación -- La didáctica...
650 _aCiencias bio-medicas
_943040
650 _aPsico-cosmobiologia
_943041
650 _aGeocronología
_943042
942 _2ddc
_cLIBROS
945 _arcc